New Zealand Super Rugby Player of the Year - Statistics

General Stats
  • This quiz has been taken 368 times
    80 since last reset
  • The average score is 13 of 27
Answer Stats
Year Team Player % Correct
2004 Crusaders Daniel Carter
93%
2006 Crusaders Daniel Carter
93%
2023 Crusaders Scott Barrett
88%
2016 Hurricanes Beauden Barrett
87%
2013 Highlanders Ben Smith
87%
2012 Hurricanes Conrad Smith
87%
2019 Hurricanes Ardie Savea
85%
2020 Crusaders Richie Mo'unga
82%
2018 Chiefs Damian McKenzie
72%
2022 Crusaders Will Jordan
68%
2017 Crusaders Sam Whitelock
67%
2003 Blues Carlos Spencer
62%
1997 Hurricanes Christian Cullen
53%
2014 Blues Jerome Kaino
50%
1998 Crusaders Andrew Mehrtens
35%
2009 Chiefs Mils Muliaina
28%
2015 Highlanders Lima Sopoaga
23%
2005 Crusaders Rico Gear
22%
2002 Crusaders Chris Jack
20%
1996 Blues Joeli Vidiri
20%
1999 Highlanders Byron Kelleher
15%
2011 Crusaders Wyatt Crockett
15%
2008 Hurricanes Andrew Hore
12%
2007 Highlanders Jimmy Cowan
12%
2000 Crusaders Scott Robertson
12%
2010 Blues Alby Mathewson
8%
2001 Chiefs Deon Muir
8%
No matching quizzes found
Score Distribution
Percent of People with Each Score
Percentile by Number Answered
Your Score History
You have not taken this quiz since the last reset